Alas en fuga: poesías

Збережено в:
Бібліографічні деталі
Автор: Marchena, Julián
Формат: Книга
Мова:Undetermined
Опубліковано: San José, Costa Rica Editorial Costa Rica 1965
Редагування:2
Предмети:
Теги: Додати тег
Немає тегів, Будьте першим, хто поставить тег для цього запису!

MARC

LEADER 00000nam a2200000Ia 4500
008 170316s9999 xx 000 0 und d
040 |a cru BVZT 
090 |a 868 M-3a 
100 |a Marchena, Julián 
245 |a Alas en fuga: poesías 
250 |a 2 
260 |a San José, Costa Rica 
260 |b Editorial Costa Rica 
260 |c 1965 
300 |a 171 páginas 
650 |a LITERATURA COSTARRICENSE 
650 |a POESÍAS 
942 |c 15 D 
999 |c 11325  |d 11325